000 00565nam a2200205Ia 4500
005 20250923145359.0
008 008 250917s9999 xx 000 0 eng d
037 _aTextual
040 _aDSWL
_beng
_cDSWL
041 _aeng
_2eng
084 _aV251:51'M57, N57
_qDSWL
100 _aNigam, N.K.
_9834693
245 0 _aDelhi in 1857
_c by N.K. Nigam
260 _aNew Delhi
_b S. Chand & Co.
_c1957
300 _aix,188 p.
365 _aINR
_b7 . 50
925 _g7 . 50
942 _cTEXL
_hV251:51'M57, N57
999 _c1450678
_d1450678